Normal view
MARC view
Entry Personal Name
001 - CONTROL NUMBER
- control field: 8625
003 - CONTROL NUMBER IDENTIFIER
- control field: ARRUPE
005 - DATE AND TIME OF LATEST TRANSACTION
- control field: 20140212132438.0
008 - FIXED-LENGTH DATA ELEMENTS
- fixed length control field: 140212|| aca||aabn | a|a d
040 ## - CATALOGING SOURCE
- Original cataloging agency: ARRUPE
- Transcribing agency: ARRUPE
100 ## - HEADING--PERSONAL NAME
- Personal name: Kolvenbach, Peter Hans
670 ## - SOURCE DATA FOUND
- Source citation: Work cat.: (ARRUPE): Kolvenbach, Peter Hans. 8624, Faubourg du Saint-Esprit , 2004